America Tile Select - Statistics

General Stats
  • This quiz has been taken 21 times
  • The average score is 80 of 101
Answer Stats
Question Tile Select % Correct
States that border the Atlantic Ocean Arkansas No
100%
Cities with a population of over 1,000,000 (city proper) Chicago Yes
100%
State Capitals Cleveland No
100%
States that border the Atlantic Ocean Delaware Yes
100%
States that border the Atlantic Ocean Hawaii No
100%
Main characters of 'The Simpsons' Joe No
100%
States that border the Atlantic Ocean Kentucky No
100%
States that border the Atlantic Ocean Maine Yes
100%
States that border the Atlantic Ocean New York Yes
100%
States that border the Atlantic Ocean North Carolina Yes
100%
States that border the Atlantic Ocean Ohio No
100%
States that border the Atlantic Ocean Oregon No
100%
States that border the Atlantic Ocean Rhode Island Yes
100%
States that border the Atlantic Ocean Tennessee No
100%
Main characters of 'The Simpsons' Todd No
100%
Flags of landlocked states No
94%
Flags of landlocked states No
94%
Pictures of presidents who were vice president No
94%
State Capitals Albany Yes
94%
Main characters of 'The Simpsons' Bart Yes
94%
Six flags over Texas Belgium No
94%
Main characters of 'The Simpsons' Edna No
94%
States that border the Atlantic Ocean Florida Yes
94%
States that border the Atlantic Ocean Georgia Yes
94%
Six flags over Texas Germany No
94%
State Capitals Helena Yes
94%
Main characters of 'The Simpsons' Homer Yes
94%
Cities with a population of over 1,000,000 (city proper) Houston Yes
94%
State Capitals Lansing Yes
94%
Main characters of 'The Simpsons' Lisa Yes
94%
State Capitals Los Angeles No
94%
Main characters of 'The Simpsons' Marge Yes
94%
Top 10 Fast Food restaurants in America McDonald's Yes
94%
State Capitals Memphis No
94%
Six flags over Texas Russia No
94%
State Capitals Seattle No
94%
State Capitals St. Louis No
94%
Top 10 Fast Food restaurants in America Taco Bell Yes
94%
States that border the Atlantic Ocean Vermont No
94%
Top 10 Fast Food restaurants in America Wendy's Yes
94%
States that border the Atlantic Ocean West Virginia No
94%
Flags of landlocked states No
89%
Pictures of presidents who were vice president No
89%
Pictures of presidents who were vice president No
89%
Pictures of presidents who were vice president Yes
89%
Six flags over Texas Austria-Hungary No
89%
State Capitals Honolulu Yes
89%
State Capitals Idaho City No
89%
State Capitals Iowa City No
89%
Main characters of 'The Simpsons' Ned No
89%
Six flags over Texas Portugal No
89%
State Capitals Salem Yes
89%
State Capitals Tuscon No
89%
Six flags over Texas United States Yes
89%
Flags of landlocked states No
83%
Flags of landlocked states No
83%
State Capitals Atlanta Yes
83%
Cities with a population of over 1,000,000 (city proper) Dallas Yes
83%
Six flags over Texas Republic of Texas Yes
83%
Top 10 Fast Food restaurants in America Subway Yes
83%
Six flags over Texas United Kingdom No
83%
Flags of landlocked states No
78%
Pictures of presidents who were vice president Yes
78%
Pictures of presidents who were vice president Yes
78%
Pictures of presidents who were vice president No
78%
State Capitals Charleston Yes
78%
State Capitals Charlotte No
78%
Cities with a population of over 1,000,000 (city proper) Fort Worth No
78%
Flags of landlocked states No
72%
Six flags over Texas Confederate States Yes
72%
Top 10 Fast Food restaurants in America Domino's Yes
72%
Top 10 Fast Food restaurants in America Jersey Mike's No
72%
Top 10 Fast Food restaurants in America Jimmy John's No
72%
Six flags over Texas Mexico Yes
72%
Cities with a population of over 1,000,000 (city proper) Phoenix Yes
72%
Six flags over Texas Spain Yes
72%
Flags of landlocked states Yes
67%
Flags of landlocked states No
67%
Flags of landlocked states Yes
67%
Pictures of presidents who were vice president Yes
67%
Top 10 Fast Food restaurants in America Panera Bread No
67%
Cities with a population of over 1,000,000 (city proper) Austin No
61%
Top 10 Fast Food restaurants in America Five Guys No
61%
Cities with a population of over 1,000,000 (city proper) San Jose Yes
56%
Flags of landlocked states Yes
50%
Flags of landlocked states Yes
50%
Cities with a population of over 1,000,000 (city proper) Charlotte No
50%
Top 10 Fast Food restaurants in America Papa John's No
50%
Cities with a population of over 1,000,000 (city proper) San Antonio Yes
50%
Flags of landlocked states Yes
44%
Top 10 Fast Food restaurants in America Dairy Queen Yes
44%
Six flags over Texas France Yes
44%
Cities with a population of over 1,000,000 (city proper) Miami No
44%
States that border the Atlantic Ocean New Hampshire Yes
44%
Flags of landlocked states Yes
33%
Flags of landlocked states Yes
33%
Pictures of presidents who were vice president Yes
33%
Cities with a population of over 1,000,000 (city proper) Atlanta No
33%
Cities with a population of over 1,000,000 (city proper) San Francisco No
17%
Top 10 Fast Food restaurants in America KFC No
11%
Flags of landlocked states Yes
6%
No matching quizzes found
Score Distribution
Percent of People with Each Score
Percentile by Number Answered
Your Score History
You have not taken this quiz